| 000 -LEADER |
| fixed length control field |
00626nam a22002177a 4500 |
| 008 - FIXED-LENGTH DATA ELEMENTS--GENERAL INFORMATION |
| fixed length control field |
150701b xxu||||| |||| 00| 0 alb d |
| 020 ## - INTERNATIONAL STANDARD BOOK NUMBER |
| International Standard Book Number |
9789994357482 |
| 041 0# - LANGUAGE CODE |
| Language code of text/sound track or separate title |
alb |
| 080 ## - UNIVERSAL DECIMAL CLASSIFICATION NUMBER |
| Universal Decimal Classification number |
001.8 |
| Common auxiliary subdivision |
(035) |
| 100 ## - Rafti |
| Rafti |
Barnet, Sylvian; Bellanca, Pat; et. al.; |
| 245 ## - TITLE STATEMENT |
| Title |
Shkrimi akademik / |
| Statement of responsibility, etc |
Sylvian Barnet; Pat Bellanca; Marcia Stubbs; |
| 260 ## - |
| -- |
Tiranë : |
| -- |
ISP; |
| -- |
Dita ; |
| -- |
2000. |
| -- |
2008. |
| 300 ## - |
| -- |
445 f.: |
| -- |
me il.; |
| -- |
20 cm. |
| 500 ## - |
| -- |
Parathënie: f.17-19 |
| 650 #0 - |
| -- |
Letërsia |
| 650 #0 - |
| -- |
Shkrimi |
| 650 #0 - |
| -- |
Gjuhësia dhe gjuhët |
| 650 #0 - |
| -- |
Stili letrar |
| 650 #0 - |
| -- |
Manuale |
| 942 ## - ADDED ENTRY ELEMENTS (KOHA) |
| Source of classification or shelving scheme |
|
| Item type |
Books |